Toán cao cấp : Toán 4

שמור ב:
מידע ביבליוגרפי
מחבר ראשי: Đỗ, Công Khanh
פורמט: ספר
שפה:Undetermined
יצא לאור: Thành phố Hồ Chí Minh Nxb. Đại học Quốc gia Thành phố Hồ Chí Minh 2003
נושאים:
תגים: הוספת תג
אין תגיות, היה/י הראשונ/ה לתייג את הרשומה!
Thư viện lưu trữ: Trung tâm Học liệu Trường Đại học Cần Thơ
LEADER 00647nam a2200205Ia 4500
001 CTU_119736
008 210402s9999 xx 000 0 und d
020 |c 24000 
082 |a 515 
082 |b Kh107 
100 |a Đỗ, Công Khanh 
245 0 |a Toán cao cấp : 
245 0 |b Toán 4 
245 0 |c Đỗ Công Khanh 
260 |a Thành phố Hồ Chí Minh 
260 |b Nxb. Đại học Quốc gia Thành phố Hồ Chí Minh 
260 |c 2003 
650 |a Differential equations,Series 
904 |i Minh, sử dụng số 515 cho cả bộ 
980 |a Trung tâm Học liệu Trường Đại học Cần Thơ